Reprezentacje na Mistrzostwach Świata 1998 - Statystyki

Ogólne statystyki
  • Ten quiz został rozwiązany 308 razy
  • Średni wynik to 23 z 32
Statystyki odpowiedzi
Grupa A % Poprawnych
Francja
98%
Brazylia
95%
Argentyna
92%
Hiszpania
92%
Stany Zjednoczone
91%
Niemcy
90%
Anglia
89%
Włochy
88%
Japonia
86%
Meksyk
86%
Holandia
83%
Korea Południowa
78%
Belgia
77%
Kolumbia
76%
Chile
70%
Chorwacja
69%
Kamerun
69%
RPA
69%
Dania
68%
Szkocja
68%
Austria
67%
Norwegia
65%
Arabia Saudyjska
63%
Maroko
63%
Nigeria
63%
Iran
62%
Rumunia
60%
Bułgaria
55%
Paragwaj
55%
Tunezja
52%
Jamajka
42%
Jugosławia
41%
Nie znaleziono quizów pasujących do podanych kryteriów
Rozkład punktacji
Procent ludzi z każdym wynikiem
Percentyl według liczby udzielonych odpowiedzi
Twoja historia wyników
Nie rozwiązałeś tego quizu